000 00330 a2200145 4500
020 _aN/S
040 _aULA-LD-MS
082 _a72
_b72
100 _91179
_aJENCKS;Charles
245 _aMovimentos Modernos em Arquitectura
260 _aLisboa
_bEdiė̳s 70
_c1985.
300 _a369p
650 _aArquitectura
942 _cLivros
999 _c2351
_d2351